Desktop applications for Microsoft Visual BASIC 6.0 MCSD training kit. (Record no. 2343)
[ view plain ]
| 000 -LEADER | |
|---|---|
| fixed length control field | 00600nam a22001932 4500 |
| 001 - CONTROL NUMBER | |
| control field | 0000003970 |
| 005 - DATE AND TIME OF LATEST TRANSACTION | |
| control field | 20151217145747.0 |
| 008 - FIXED-LENGTH DATA ELEMENTS--GENERAL INFORMATION | |
| fixed length control field | 070517s xx 000 0 eng d |
| 020 ## - INTERNATIONAL STANDARD BOOK NUMBER | |
| International Standard Book Number | 8120317505 : |
| Terms of availability | KES 3,400 |
| 040 ## - CATALOGING SOURCE | |
| Original cataloging agency | KABU |
| Transcribing agency | KABU |
| 050 #0 - LIBRARY OF CONGRESS CALL NUMBER | |
| Classification number | QA76.3 |
| Item number | .D47 |
| 245 10 - TITLE STATEMENT | |
| Title | Desktop applications for Microsoft Visual BASIC 6.0 MCSD training kit. |
| 260 ## - PUBLICATION, DISTRIBUTION, ETC. (IMPRINT) | |
| Place of publication, distribution, etc. | New Delhi : |
| Name of publisher, distributor, etc. | Prentice Hall of India, |
| Date of publication, distribution, etc. | 1999. |
| 300 ## - PHYSICAL DESCRIPTION | |
| Extent | xiii, 489 p. |
| 650 #0 - SUBJECT ADDED ENTRY--TOPICAL TERM | |
| Topical term or geographic name as entry element | Microsoft Visual BASIC |
| General subdivision | Study and teaching. |
| -- | 0000154262 |
| 908 ## - PUT COMMAND PARAMETER (RLIN) | |
| Put command parameter | 070517 |
| 950 ## - LOCAL HOLDINGS (RLIN) | |
| -- | 1 |
| Withdrawn status | Lost status | Source of classification or shelving scheme | Not for loan | Home library | Current library | Date acquired | Total Checkouts | Full call number | Barcode | Date last seen | Date last checked out | Price effective from | Koha item type |
|---|---|---|---|---|---|---|---|---|---|---|---|---|---|
| Library of Congress Classification | Kabarak, Main Campus | Kabarak, Main Campus | 17/12/2015 | 2 | QA76.3 .D47 | 004464 | 18/07/2024 | 18/06/2024 | 17/12/2015 | General Collection |